LEADER 02456nam 2200601 a 450 001 9910785542303321 005 20200520144314.0 010 $a1-283-57408-X 010 $a9786613886538 010 $a1-118-35248-3 010 $a1-118-49194-7 035 $a(CKB)2670000000237376 035 $a(EBL)848547 035 $a(OCoLC)811488542 035 $a(SSID)ssj0000738746 035 $a(PQKBManifestationID)11407225 035 $a(PQKBTitleCode)TC0000738746 035 $a(PQKBWorkID)10671538 035 $a(PQKB)11308884 035 $a(Au-PeEL)EBL848547 035 $a(CaPaEBR)ebr10593177 035 $a(CaONFJC)MIL388653 035 $a(CaSebORM)9781118352489 035 $a(MiAaPQ)EBC848547 035 $a(EXLCZ)992670000000237376 100 $a20120803d2012 uy 0 101 0 $aeng 135 $aur|n|---||||| 181 $ctxt 182 $cc 183 $acr 200 10$aAdobe Photoshop lightroom 4 FAQs$b[electronic resource] $e365 of your lightroom 4 questions answered /$fStan Sholik 205 $a1st edition 210 $aIndianapolis, Ind. $cWiley Pub., Inc.$d2012 215 $a1 online resource (386 p.) 300 $aDescription based upon print version of record. 311 $a1-118-35246-7 327 $apt. 1. Organize -- pt. 2. Develop -- pt. 3. Output. 330 $aGet the answers to 365 of the most commonly asked questions about Lightroom Photographers who are getting acquainted with Photoshop Lightroom and all its advantages for managing large quantities of images will find this handy book an indispensable resource. Veteran photographer Stan Sholik answers 365 of the most frequently asked questions about the new Lightroom 4 in an informative, practical format, making it easy to find what you're looking for and put the information to use. Sample photos illustrate questions and answers, and a quick-reference guide provides easy access to must-ha 606 $aPhotography$xDigital techniques$xComputer programs 606 $aImage processing$xDigital techniques$vSoftware 615 0$aPhotography$xDigital techniques$xComputer programs. 615 0$aImage processing$xDigital techniques 676 $a006.686 676 $a006.696 700 $aSholik$b Stan L$01505456 801 0$bMiAaPQ 801 1$bMiAaPQ 801 2$bMiAaPQ 906 $aBOOK 912 $a9910785542303321 996 $aAdobe Photoshop lightroom 4 FAQs$93735037 997 $aUNINA LEADER 04607nam 22007812 450 001 9910784700003321 005 20151005020621.0 010 $a1-107-14520-1 010 $a1-280-47771-7 010 $a9786610477715 010 $a0-511-19510-9 010 $a0-511-19576-1 010 $a0-511-19367-X 010 $a0-511-31414-0 010 $a0-511-54363-8 010 $a0-511-19441-2 035 $a(CKB)1000000000353658 035 $a(EBL)259870 035 $a(OCoLC)171138727 035 $a(SSID)ssj0000197809 035 $a(PQKBManifestationID)11185717 035 $a(PQKBTitleCode)TC0000197809 035 $a(PQKBWorkID)10169727 035 $a(PQKB)11318696 035 $a(UkCbUP)CR9780511543630 035 $a(MiAaPQ)EBC259870 035 $a(Au-PeEL)EBL259870 035 $a(CaPaEBR)ebr10130358 035 $a(CaONFJC)MIL47771 035 $a(OCoLC)935232830 035 $a(PPN)261308823 035 $a(EXLCZ)991000000000353658 100 $a20090505d2004|||| uy| 0 101 0 $aeng 135 $aur||||||||||| 181 $ctxt$2rdacontent 182 $cc$2rdamedia 183 $acr$2rdacarrier 200 00$aMarijuana and madness $epsychiatry and neurobiology /$fedited by David Castle, Robin Murray$b[electronic resource] 205 $a2nd ed. 210 1$aCambridge :$cCambridge University Press,$d2004. 215 $a1 online resource (xvi, 218 pages) $cdigital, PDF file(s) 300 $aTitle from publisher's bibliographic system (viewed on 05 Oct 2015). 311 $a0-521-52546-2 311 $a0-521-81940-7 320 $aIncludes bibliographical references and index. 327 $tThe cannabinoid system: from the point of view of a chemist /$rRaphael Mechoulam,$rL. Hanus ?--$tHow cannabis works in the brain /$rLeslie Iversen --$tAcute and subacute psychomimetic effects of cannabis in humans /$rDavid Castle,$rNadia Solowij --$tThe association between cannabis use and depression : a review of the evidence /$rLouisa Degenhardt ...$g[and others] --$tCannabis and psychosis proneness /$rHel?ene ?Verdoux --$tIs there a specific 'cannabis psychosis'? /$rWayne Hall,$rLouisa Degenhardt --$tCannabis as a potential causal factor in schizophrenia /$rLouise Arseneault ...$g[and others] --$tCannabis abuse and the course of schizophrenia /$rD.H. Linszen,$rLieuwe de Haan,$rBart Peters --$tThe endogenous cannabinoid system in schizophrenia /$rSuresh Sundram,$rBrian Dean,$rDavid Copolov --$tCannabinoid 'model' psychosis, dopamine-cannabinoid interactions and implications for schizophrenia /$rCyril D'Souza ...$g[et al.] --$tMotives that maintain cannabis use among individuals with psychotic disorders /$rCatherine Spencer --$tAddressing cannabis abuse in people with psychosis /$rWynne James --$tResidual cognitive effects of long-term cannabis use /$rHarrison Pope, Jr.,$rDeborah Yurgelun-Todd. 330 $aThis book provides a comprehensive overview of the psychiatry and neuroscience of Cannabis sativa (marijuana), with particular emphasis on psychotic disorders. It outlines developments in our understanding of the human cannabinoid system, and links this knowledge to clinical and epidemiological facts about the impact of cannabis on mental health. Clinically focused chapters review not only the direct psychomimetic properties of cannabis, but also the impact consumption has on the courses of evolving or established mental illness such as schizophrenia. A number of controversial issues are critically explored, including whether a discrete 'cannabis psychosis' exists, and whether cannabis can actually cause schizophrenia. Effects of cannabis on mood, notably depression, are reviewed, as are its effects on cognition. This book will be of interest to all members of the mental health team, as well as to neuroscientists and those involved in drug and alcohol research. 517 3 $aMarijuana & Madness 606 $aMarijuana$xPhysiological effect 606 $aMarijuana$xPsychological aspects 606 $aMarijuana abuse$xComplications 606 $aPsychoses$xEtiology 606 $aSchizophrenia$xEtiology 615 0$aMarijuana$xPhysiological effect. 615 0$aMarijuana$xPsychological aspects. 615 0$aMarijuana abuse$xComplications. 615 0$aPsychoses$xEtiology. 615 0$aSchizophrenia$xEtiology. 676 $a615/.7827 702 $aCastle$b David J. 702 $aMurray$b Robin M.$f1944- 801 0$bUkCbUP 801 1$bUkCbUP 906 $aBOOK 912 $a9910784700003321 996 $aMarijuana and madness$93714871 997 $aUNINA